| 000 | 00783nam a2200217 a 4500 | ||
|---|---|---|---|
| 008 | 960406s1982||||[C 0 hun c | ||
| 040 |
_aSNK _bslo _cSNK _eAACR2 |
||
| 041 | 1 | _aslo | |
| 044 |
_axo _cSK |
||
| 080 | _a943.711.7"1939/1945"(084.12)=945.1 | ||
| 100 | 1 |
_aŽelezný, František _4aut |
|
| 245 | 1 | 0 |
_aLidice varujú _cFrantišek Železný ; Edit Kun |
| 250 | _a1., vyd. | ||
| 260 |
_aBratislava _bMladé letá [vyd.] _c1982 _eBrno _fTisk |
||
| 300 |
_a40 s. _c24 cm. |
||
| 500 | _aFotosúbor. Text maď. 8 s. textu a 32 fot. v prebale. Spoluvyd.: Albatros v Prahe. Báseň od Fraňa Šrámka: I do tých Lidíc. | ||
| 500 | _aObr. časť zost. a texty nap. František Železný. Z čes. orig. prel. Kun Edit. | ||
| 700 | 1 |
_aKun, Edit _4oth |
|
| 020 | _c10 | ||
| 958 | _aEFO | ||
| 999 |
_c15283 _d15283 |
||